| 000 | 00844nam a22002177a 4500 | ||
|---|---|---|---|
| 999 |
_c8969 _d8969 |
||
| 003 | AR-CdUCM | ||
| 008 | 190327b ||||| |||| 00| 0 spa d | ||
| 040 |
_aMUNICIPALIDAD PROVINCIAL DEL CUSCO _cBIBLIOTECA MUNICIPAL DEL CUSCO |
||
| 082 |
_a909.83 / _bSE38 |
||
| 100 |
_aSemiriaga, Mijaíl _924875 |
||
| 245 | _aEl plan barbarroja / | ||
| 260 |
_aMoscu : _bAgencia de prensa nóvosti, _c1986. |
||
| 300 |
_a55 paginas ; _bIlustraciones, _c16 cm. |
||
| 505 | _aContenido : Mitos sobre la guerra preventista y la improvisacion -- Cañones en lugar de mantequilla -- Movilizacion espiritual -- Los agresores forman su bloque -- Contraseña Dormund. | ||
| 650 |
_aGuerra Mundail _924876 |
||
| 650 |
_aPlan Barbarroja _924877 |
||
| 650 |
_aEuropa _91221 |
||
| 700 |
_aRodriguez, Ramón (Traductor) _924878 |
||
| 942 |
_2ddc _cLIBROS |
||
| 945 | _awnts | ||